Faerie queene (Record no. 4328)

MARC details
000 -LEADER
fixed length control field 00455cam a2200193ua 4500
001 - CONTROL NUMBER
control field 5150
005 - DATE AND TIME OF LATEST TRANSACTION
control field 20260515113835.0
008 - FIXED-LENGTH DATA ELEMENTS--GENERAL INFORMATION
fixed length control field 120730n ii |||gr||||Z||||||eng
040 ## - CATALOGING SOURCE
Transcribing agency MAIN
082 ## - DEWEY DECIMAL CLASSIFICATION NUMBER
Classification number 821
100 ## - MAIN ENTRY--PERSONAL NAME
Personal name Spenser, Edmund,
Relator term Author,
245 11 - TITLE STATEMENT
Title Faerie queene
Statement of responsibility, etc. by Edmund Spenser
250 ## - EDITION STATEMENT
Edition statement 1st.
260 ## - PUBLICATION, DISTRIBUTION, ETC.
Place of publication, distribution, etc. [s.l]:
Name of publisher, distributor, etc. [s.n].
300 ## - PHYSICAL DESCRIPTION
Extent 481p:
Dimensions 15cm.
653 ## - INDEX TERM--UNCONTROLLED
Uncontrolled term English poetry
700 ## - ADDED ENTRY--PERSONAL NAME
Personal name Banerjee, S. K.,
Relator term Editor,
942 ## - ADDED ENTRY ELEMENTS (KOHA)
Koha item type Books
Holdings
Withdrawn status Lost status Damaged status Not for loan Home library Current library Shelving location Date acquired Total checkouts Full call number Barcode Date last seen Copy number Price effective from Koha item type
        Naharkatiya College Library Naharkatiya College Library General stacks 09/19/2020   821 | SPE 5853 09/19/2020 1 09/19/2020 Books